ბათუმის შოთა რუსთაველის სახელმწიფო უნივერსიტეტის ბიბლიოთეკა

არილი : (ბიბ.ჩანაწერი № 56906)

000 -LEADER
fixed length control field 01041nam a22001937a 4500
005 - DATE AND TIME OF LATEST TRANSACTION
control field 20191227152150.0
008 - FIXED-LENGTH DATA ELEMENTS--GENERAL INFORMATION
fixed length control field 190612b2019 ||||| |||| 00| 0 geo d
020 ## - INTERNATIONAL STANDARD BOOK NUMBER
Qualifying information 2298-0954
041 ## - LANGUAGE CODE
Language code of text/sound track or separate title geo
245 ## - TITLE STATEMENT
Title არილი :
Remainder of title 2019 №1 (279) : საზოგადოებრივ ლიტერატურული ჟურნალი /
Statement of responsibility, etc. რედ: მალხაზ ხარბედია ; შადიმან შამანაძე ; მხატვ : მამუკა ტყეშელაშვილი.
260 ## - PUBLICATION, DISTRIBUTION, ETC.
Place of publication, distribution, etc. თბილისი :
Name of publisher, distributor, etc. მწერალთა სახლი
Date of publication, distribution, etc. 1993 -
300 ## - PHYSICAL DESCRIPTION
Extent V.
653 ## - INDEX TERM--UNCONTROLLED
Uncontrolled term პერიოდიკა
653 ## - INDEX TERM--UNCONTROLLED
Uncontrolled term ლიტრატურა
700 ## - ADDED ENTRY--PERSONAL NAME
Personal name ხარბედია, მალხაზ
Relator term რედაქტორი
9 (RLIN) 2463
700 ## - ADDED ENTRY--PERSONAL NAME
Personal name შამანაძე , შადიმან
Relator term რედაქტორი
9 (RLIN) 2464
700 ## - ADDED ENTRY--PERSONAL NAME
Personal name ტყეშელაშვილი, მამუკა
Relator term მხატვარი
9 (RLIN) 40
942 ## - ADDED ENTRY ELEMENTS (KOHA)
Source of classification or shelving scheme
Koha item type პერიოდიკა
ეგზემპლარები
Withdrawn status Lost status Source of classification or shelving scheme Damaged status Not for loan Permanent Location Current Location Date acquired Serial Enumeration / chronology Barcode Date last seen Copy number Price effective from Koha item type
        შიდა ფონდი ბათუმის შოთა რუსთაველის სახელმწიფო უნივერსიტეტის მთავარი ბიბლიოთეკა ბათუმის შოთა რუსთაველის სახელმწიფო უნივერსიტეტის მთავარი ბიბლიოთეკა 2019-06-12 № 1 (279) 2019 p80108 2019-06-12 p80108 2019-06-12 პერიოდიკა
          ბათუმის შოთა რუსთაველის სახელმწიფო უნივერსიტეტის მთავარი ბიბლიოთეკა ბათუმის შოთა რუსთაველის სახელმწიფო უნივერსიტეტის მთავარი ბიბლიოთეკა 2019-06-27 № 2 (270) 2019 p80115 2019-06-27 p80115 2019-06-27 პერიოდიკა
        შიდა ფონდი ბათუმის შოთა რუსთაველის სახელმწიფო უნივერსიტეტის მთავარი ბიბლიოთეკა ბათუმის შოთა რუსთაველის სახელმწიფო უნივერსიტეტის მთავარი ბიბლიოთეკა 2019-09-13 №3 (281) 2019 p80190 2019-09-13 p80190 2019-09-13 პერიოდიკა
        შიდა ფონდი ბათუმის შოთა რუსთაველის სახელმწიფო უნივერსიტეტის მთავარი ბიბლიოთეკა ბათუმის შოთა რუსთაველის სახელმწიფო უნივერსიტეტის მთავარი ბიბლიოთეკა 2019-09-13 №4 (282) 2019 p80191 2019-09-13 p80191 2019-09-13 პერიოდიკა
        შიდა ფონდი ბათუმის შოთა რუსთაველის სახელმწიფო უნივერსიტეტის მთავარი ბიბლიოთეკა ბათუმის შოთა რუსთაველის სახელმწიფო უნივერსიტეტის მთავარი ბიბლიოთეკა 2019-10-21 №5 (283) 2019 p80248 2019-10-21 p80248 2019-10-21 პერიოდიკა
        შიდა ფონდი ბათუმის შოთა რუსთაველის სახელმწიფო უნივერსიტეტის მთავარი ბიბლიოთეკა ბათუმის შოთა რუსთაველის სახელმწიფო უნივერსიტეტის მთავარი ბიბლიოთეკა 2019-11-06 № 6 (284) 2019 p80375 2019-11-06 p80375 2019-11-06 პერიოდიკა
        შიდა ფონდი ბათუმის შოთა რუსთაველის სახელმწიფო უნივერსიტეტის მთავარი ბიბლიოთეკა ბათუმის შოთა რუსთაველის სახელმწიფო უნივერსიტეტის მთავარი ბიბლიოთეკა 2020-01-09 № 7 (019) 2019 p80509 2020-01-09 p80509 2020-01-09 პერიოდიკა